| 000 | 01032nam a22002537a 4500 | ||
|---|---|---|---|
| 005 | 20210525205637.0 | ||
| 008 | s2531 th tha d | ||
| 040 | _aNALT | ||
| 041 | _atha | ||
| 090 | _aอศ บ217ร | ||
| 245 | 1 | 0 | _aเรื่องโบราณคดี [2531] |
| 260 | 3 |
_aกรุงเทพฯ : _bอมรินทร์พริ้นติ้ง กรุ๊ป, _c2531 |
|
| 300 |
_a345 หน้า : _b ภาพประกอบ |
||
| 650 | 0 | 4 | _aบริบาลบุรีภัณฑ์, หลวง (ป่วน อินทุวงศ์), 2440--2529 |
| 650 | 0 | 4 | _aพระพิมพ์ |
| 650 | 0 | 4 | _aพระพุทธรูป |
| 650 | 0 | 4 | _aโบราณคดี -- รวมเรื่อง |
| 650 | 0 | 4 | _aโบราณวัตถุ |
| 650 | 0 | 4 | _aโบราณสถาน |
| 850 | _aNALT | ||
| 856 | 4 | 0 |
_uhttps://dl.parliament.go.th/handle/lirt/367402 _71 |
| 942 |
_cCRE _2lcc |
||
| 999 |
_c23904 _d23904 |
||
| 998 |
_j4612 _k วัลยา พุ่มต้นวงค์ |
||